000 01123nam a2200337 i 4500
001 000010626
003 DO-SdBNP
005 20260305102411.0
007 ta
008 091008s2008 dr a 001 0 spa d
020 _a9788447710324
040 _aDO-SdBNP
_bspa
_cBNPHU
_erda
041 _aspa
082 4 _aRD861.44
_bO77j 2008
_222
100 1 _aOrtiz de Machuca, Teresa
_eautor
_925713
_4aut.
245 1 0 _aJardín de reflexiones /
_cTeresa Ortiz Machuca ; prólogo, Ángeles Cardona.
250 _aSegunda edición
260 _aBarcelona, :
_bSeuba ediciones,
_c1994.
264 4 _aBarcelona :
_bPromociones y Publicaciones Universitarias, PPU,
_c©2008.
300 _a77 páginas :
_bilustraciones ;
_c20 cm.
336 _atexto
_btxt
_2rdacontent
337 _asin mediación
_bn
_2rdamedia
338 _avolumen
_bnc
_2rdacarrier
500 _aIncluye datos biográficos de la autora
590 _aInventariado, 2026/LP
650 0 _aPoesía dominicana
_966
650 0 _aLiteratura dominicana.
_967
700 1 _aCardona, Ángeles,
_eprologuista
_925714
_4pr.
910 _aLP
942 _2ddc
_cLBS1
999 _c60436
_d60436